Word Ladder: 1950s Counterculture Quiz Stats

 Plays Quiz Updated Aug 29, 2013

Support Sporcle.
Go Orange.
Score 0/22 Timer 02:00
0 Plays Today
Clue 4-Letter Word % Correct
Leg's endFOOT
96.7%
Tree's underground extensionROOT
96.6%
Heat water until bubblingBOIL
96.5%
Metallic food coveringFOIL
94%
SimpletonFOOL
92.4%
House sectionROOM
90.4%
WanderROAM
88.5%
☻ Kerouac's book, 'On the _____' ☻☻ROAD☻
84.7%
PriceCOST
84%
Bracelet decorationBEAD
83.9%
☻ Writer of poems ☻☻POET☻
83.2%
Clue 4-Letter Word % Correct
Predating the presentPAST
82.1%
PeruseREAD
80.5%
☻ Musical measurement of time ☻☻BEAT☻
80.5%
SegmentPART
79.5%
Mold, e.g. ironCAST
77.4%
Ship's shelterPORT
75%
Concave vesselBOWL
73.7%
Entertainer and plannerHOST
70.7%
☻ Ginsberg poem, or to cry or wail loudly ☻☻HOWL☻
69.9%
Flexible tubeHOSE
68.7%
Mr. Hockey, Gordie _____HOWE
68.3%

Today's Daily Dose

You're not logged in!

Compare scores with friends on all Sporcle quizzes.
OR
Log In
Forgot?

From the Vault

Does It Anagram? (5 Letters)

by Alcas

Very few things will nag a ram, due to the possibility of headbutting.
Remove Ads.
Support Sporcle.
Get the best of Sporcle when you Go Orange. This ad-free experience offers more features, more stats, and more fun while also helping to support Sporcle. Thank you for becoming a member.

Show Comments

Extras

Top Quizzes Today


Score Distribution

Your Account Isn't Verified!

In order to create a playlist on Sporcle, you need to verify the email address you used during registration. Go to your Sporcle Settings to finish the process.

Report this User

Report this user for behavior that violates our Community Guidelines.

Details: